• 首页
  • 本馆介绍
  • 公告通知
  • 最新文献
  • 馆藏检索
  • 电子资源
  • 读者导购
  • 参考咨询
  • 我的图书馆
  • 登录
  • 详细信息显示
  • 放入我的书架
  • 预约/预借图书
  • 作者相关作品
  • 分类相关作品
  • 丛书相关作品
  • 出版社相关作品

书目信息

  • 表格格式
  • 工作单格式
  • 卡片格式
题名:
唐才子传
    
 
作者: 辛文房 撰 ;关鹏飞 译注
分册:  
出版信息: 北京   中华书局  2020
页数: 12,17,716页
开本: 21cm
丛书名: 中华经典名著全本全注全译丛书
单 册:
中图分类: K825.6=42
科图分类:
主题词: 诗人--shi ren--列传--中国--唐代
电子资源:
ISBN: 978-7-101-14598-4
000 01069oam2 2200277 450
001 2131061596
005 20211029202829.0
010    @a978-7-101-14598-4@b精装@dCNY58.00
100    @a20201021d2020 em y0chiy0120 ea
101 0  @achi
102    @aCN@b110000
105    @ay z 001yd
106    @ar
200 1  @a唐才子传@Atang cai zi chuan@f关鹏飞译注
210    @a北京@c中华书局@d2020
215    @a12,17,716页@d21cm
225 2  @a中华经典名著全本全注全译丛书@Azhong hua jing dian ming zhu quan ben quan zhu quan yi cong shu
314    @a前言题:(元)辛文房撰
330    @a本书共分十卷,是一部主要记述唐代诗人事迹的传记。全书记载的人物上起隋唐之际的王绩,下至宋初的陈抟,每篇传记大体包括传主的名字、籍贯、生平仕履、逸闻趣事、诗歌创作、文集存佚及有关评论等内容。
461  0 @12001 @a中华经典名著全本全注全译丛书
606 0  @a诗人@Ashi ren@x列传@y中国@z唐代
690    @aK825.6=42@v5
701  0 @c(元)@a辛文房@Axin wen fang@4撰
702  0 @a关鹏飞@Aguan peng fei@f(1988~)@4译注
801  0 @aCN@b百万庄@c20211029
905    @b1313679-682@dK825.6=42@e1500@f4
    
    唐才子传/关鹏飞译注.-北京:中华书局,2020
    12,17,716页;21cm.-(中华经典名著全本全注全译丛书)
    
    
    ISBN 978-7-101-14598-4(精装):CNY58.00
    本书共分十卷,是一部主要记述唐代诗人事迹的传记。全书记载的人物上起隋唐之际的王绩,下至宋初的陈抟,每篇传记大体包括传主的名字、籍贯、生平仕履、逸闻趣事、诗歌创作、文集存佚及有关评论等内容。
●
相关链接 在E读中查询图书 在五车中查询图书 在当当中查询图书 在豆瓣中查询图书


正题名:唐才子传     索取号:K825.6=42/1500         预约/预借

序号 登录号 条形码 馆藏地/架位号 状态 备注
1 1313679   213136792   第二样本阅览室/ [索取号:K825.6=42/1500] 在馆    
2 1313680   213136809   第二借阅区/ [索取号:K825.6=42/1500] 在馆    
3 1313681   213136818   第二借阅区/ [索取号:K825.6=42/1500] 在馆    
4 1313682   213136827   第二借阅区/ [索取号:K825.6=42/1500] 在馆    
唐山师范学院图书馆 欢迎您!
大连网信软件有限公司© 版权所有